1574 1448 1538 1136 1066 1427 1658 1034 1574 1066 1294 1150 1361 1442 1919 1048 1416 1827 1231 1978 1734 1731 1206 1469 1447 1402 1496 1580 1383 1704 1522 1794 1249 1893 1583 1779 1274 1708 1274 1260 1714 1462 1214 1066 1064 1900 1523 1524 1313 1253 1286 1213 1541 1041 1098 1537 1965 1020 1040 1777 1858 1690 1369 1153 1631 1579 1437 1478 1713 1794 1823 1623 1329 1966 1731 1474 1418 1969 1378 1469 1528 1926 1840 1944 1924 1363 1067 1532 1630 1766 1240 1949 1403 1445 1039 1790 1962 1532 1118 BCNSPRNW ULIB Ver.6.0+V

เปลี่ยนเป็นภาษาไทย

Change to English
 แสดงรายละเอียดบรรณานุกรม
  กลับหน้าหลัก

Brief Record : Get Marc (ISO 2709) : E-mail record : QR code < ปิดหน้าต่าง
LEADER : 00000nam 2200000uu 4500
001    13399127073
003     ULIB
008    020711s2559 th a 000 0 tha d
020    ^a9786162277061
060    ^aWS103^bต-อ
100    ^aตุ๊บปอง
245    ^aอยู่ไหน...หาไม่เจอ ชุดคำพ่อสอน
250    ^aพิมพ์ครั้งที่ 1
260    ^aกรุงเทพฯ :^bบริษัท แปลน ฟอร์ คิดส์ จำกัด,^c2559
300    ^a24 หน้า;^b21 ซม.
650    ^aเด็ก^xการเรียนการสอน
945    ^p95^l0^i006261
999    ^aประนอม เกษจรัล
รายการนี้ยังไม่มีแท็ก
คุณยังไม่ได้ล็อกอิน คุณสามารถมีกิจกรรมร่วมกับเว็บไซต์ได้ แต่ต้องล็อกอินก่อน ::
  ล็อกอิน

รายการสื่อสารสนเทศ

ลำดับที่ ประเภท เลขเรียก/บาร์โค้ด สถานที่ สถานะ
1. วิทยาศาสตร์การแพทย์ และสุขภาพ
วิทยาศาสตร์การแพทย์ และสุขภาพ
WS103 ต-อ ฉ.1 
  Barcode: 006261
ห้องสมุดวิทยาเขตสวรรค์ประชารักษ์
►หนังสือทั่วไป
บนชั้น

รายการใกล้เคียง
    ผู้แต่ง [ตุ๊บปอง]

BibComment


ยังไม่เคยถูกคอมเมนท์

คอมเมนท์ทรัพยากรรายการนี้
  คอมเมนท์: อยู่ไหนหาไม่เจอ ..


 Copyright 2026. Bcnsprnw @Library